000 01324nam a2200169Ia 4500
005 20250718142148.0
008 250718s9999 xx 000 0 und d
020 _a9780747575436
082 _a940.5421236
_bSMA
100 _aSmall, Ken
245 4 _aThe Forgotten Dead
260 _bBloomsbury Paperbacks
_c2004
300 _a240 pages
500 _aOn April 28, 1944, a rehearsal for the D-Day landings off England's Devon coast went terribly wrong. A series of blunders allowed German E-boats to intercept the convoy of landing ships, and 946 Americans—many of them young and untrained—lost their lives. Yet until the publication of The Forgotten Dead, the true scale of this tragedy had never before come to light. This is the story of one man and his obsession to honor the memory of the 946 American soldiers who died needlessly that night. In the early 1970s, Ken Small, a hotelier, began beachcombing along Slapton Sands, near his hotel. He soon discovered unexpended bullets, U.S. dollars, and the personal possessions of U.S. servicemen. Gradually, he pieced together the events of that night and began the struggle to erect a memorial to honor the dead soldiers. This is the story of how he fought governments on both sides of the Atlantic to uncover the truth.
650 _aHistory
942 _cENGLISH
999 _c576397
_d576397